000 00769nam a22002657a 4500
001
003 DO-SdBPM
005 20250627092622.0
007 ta
008 151005b2000 dr 00| 0 spa d
020 _a9993430072
040 _aDO-SdBPM
_bspa
_cBPMSU
082 4 _aRD863.44
_bV145n, 2000
_222
100 1 _aValdez, Diógenes
_d1941-2014
245 1 0 _a La noche de Jonsok :
_b(un antes) /
_c Diógenes Valdez
260 0 _aSanto Domingo :
_b Banco Central de la República Dominicana
_c2000
300 _a245 p. :
_c24 cm.
490 _aBanco Central de la República Dominicana
650 4 _aNovelas dominicanas
650 4 _aLiteratura dominicana
910 _aVMateo V
942 _2ddc
_cBK
945 _aIvnentariado / 2017 VM
956 _aYngrid Lockward
999 _c14160
_d14160